| 000 | 01029cam a22002895a 4500 | ||
|---|---|---|---|
| 001 | 17845804 | ||
| 003 | OSt | ||
| 005 | 20151019102009.0 | ||
| 008 | 130809s2014 gaua frbf 001 0 eng d | ||
| 020 | _a9781482228649 (Taylor & Francis distribution : alkaline paper) | ||
| 020 | _a0881737208 (the fairmont press, Inc) | ||
| 020 | _z0881737216 (electronic) | ||
| 040 |
_aDLC _beng _cDLC _dDLC _dEG-ScBUE |
||
| 082 | 0 | 4 |
_a621.69 _222 _bBLO |
| 100 | 1 |
_aBloch, Heinz P., _d1933- _938512 |
|
| 245 | 1 | 0 |
_aPump user's handbook : _blife extension / _cby Heinz P. Bloch & Allan R. Budris. |
| 250 | _a4th ed. | ||
| 260 |
_aLilburn : _bThe Fairmont Press, Inc ; _aBoca Raton ; _aLondon : _bCRC Press / Taylor & Francis Group, _cc.2014. |
||
| 300 |
_axiv, 556 p. : _bill ; _c29 cm. |
||
| 500 | _aIndex : p. 539-556 | ||
| 504 | _aBibliography : p. 527-538 | ||
| 650 | 0 |
_aPumping machinery _vHandbooks, manuals, etc. _2BUEsh _923729 |
|
| 651 | _2BUEsh | ||
| 653 |
_bENGGEN _cJune2015 _cOctober2015 |
||
| 700 | 1 | _aBudris, Allan R. | |
| 942 | _2ddc | ||
| 999 |
_c19566 _d19538 |
||